Countries by Milk Production - Statistics

General Stats
  • This quiz has been taken 44,163 times
    22,894 since last reset
  • The average score is 17 of 21
Answer Stats
Metric tons Country % Correct
103 m United States
99%
42.4 m China
97%
23.9 m France
95%
15.8 m United Kingdom
95%
33.6 m Russia
94%
36.4 m Brazil
93%
9.89 m Canada
93%
34.0 m Germany
93%
127 m India
92%
13.7 m Mexico
90%
8.47 m Australia
86%
13.1 m Italy
86%
11.7 m Argentina
85%
15.5 m Poland
76%
21.2 m New Zealand
69%
23.9 m Pakistan
67%
20.0 m Turkey
66%
8.73 m Ireland
63%
14.7 m Netherlands
59%
12.7 m Bangladesh
46%
11.9 m Uzbekistan
12%
No matching quizzes found
Score Distribution
Percent of People with Each Score
Percentile by Number Answered
Your Score History
You have not taken this quiz since the last reset